MARC details
| 000 -LEADER |
| fixed length control field |
02852nam a2200349 i 4500 |
| 003 - CONTROL NUMBER IDENTIFIER |
| control field |
CSPC |
| 005 - DATE AND TIME OF LATEST TRANSACTION |
| control field |
20260406160206.0 |
| 008 - FIXED-LENGTH DATA ELEMENTS--GENERAL INFORMATION |
| fixed length control field |
260406s2019 cau b 001 0 eng d |
| 010 ## - LIBRARY OF CONGRESS CONTROL NUMBER |
| LC control number |
2018964718 |
| 020 ## - INTERNATIONAL STANDARD BOOK NUMBER |
| International Standard Book Number |
9781473912977 |
| 040 ## - CATALOGING SOURCE |
| Original cataloging agency |
CSPC |
| Language of cataloging |
eng |
| Transcribing agency |
CSPC |
| Description conventions |
rda |
| 050 #4 - LIBRARY OF CONGRESS CALL NUMBER |
| Classification number |
BF637.P36 |
| Item number |
.O234 2019 |
| 082 04 - DEWEY DECIMAL CLASSIFICATION NUMBER |
| Edition number |
23 |
| Classification number |
158.3 |
| Item number |
Oa2c |
| 100 1# - MAIN ENTRY--PERSONAL NAME |
| Personal name |
Oades, Lindsay G., |
| Relator term |
author. |
| 245 10 - TITLE STATEMENT |
| Title |
Coaching & mentoring research : |
| Remainder of title |
a practical guide / |
| Statement of responsibility, etc. |
Lindsay G. Oades, Christine L. Siokou, and Gavin R. Slemp. |
| 246 30 - VARYING FORM OF TITLE |
| Title proper/short title |
Coaching and mentoring research |
| 264 #1 - PRODUCTION, PUBLICATION, DISTRIBUTION, MANUFACTURE, AND COPYRIGHT NOTICE |
| Place of production, publication, distribution, manufacture |
Los Angeles : |
| Name of producer, publisher, distributor, manufacturer |
SAGE, |
| Date of production, publication, distribution, manufacture, or copyright notice |
2019. |
| 300 ## - PHYSICAL DESCRIPTION |
| Extent |
xii, 240 pages ; |
| Dimensions |
23 cm. |
| 336 ## - CONTENT TYPE |
| Source |
rdacontent |
| Content type term |
text |
| 337 ## - MEDIA TYPE |
| Source |
rdamedia |
| Media type term |
unmediated |
| 338 ## - CARRIER TYPE |
| Source |
rdacarrier |
| Carrier type term |
volume |
| 504 ## - BIBLIOGRAPHY, ETC. NOTE |
| Bibliography, etc. note |
Includes bibliographical references and index. |
| 505 0# - FORMATTED CONTENTS NOTE |
| Formatted contents note |
Part I: Becoming a researcher in coaching and mentoring -- Benefits of research -- Impactful research -- Research teams -- Avoiding pitfalls -- Theories of knowledge -- Part II: Phases of the research process -- Choosing a research methodology -- Research scope -- Research questions -- Reviewing literature -- Research proposals -- Research ethics -- Feasible timelines -- Data collection and analysis -- Dissemination of research -- Part III. Quantitative methods for coaching and mentoring research -- Choosing quantitative methods -- Experimental designs -- Survey designs -- Common quantitative methods and analyses -- Developing confidence in statistics -- Part IV. Qualitative and mixed methods for coaching and mentoring research -- Choosing qualitative methods for data collection/generation -- Choosing qualitative methods for data analysis/interpretation -- Programme evaluation and action research -- Case study designs -- Mixed methods. |
| 520 ## - SUMMARY, ETC. |
| Summary, etc. |
"This ... guidebook provides an accessible introduction to research methods and the research process within the coaching and mentoring context. Starting with an introduction to the basic principles of research theory and practice, explaining why we need to do research at all, what it is, why it's important, and moving on to cover the ins and outs of actually doing research, this book provides students with everything they need to know all in one place. Packed full of case studies, activities and hints and tips for best practice, this book throws a life belt to all coaching and mentoring trainees and practitioners looking to make the best start in their research career"--Provided by publisher. |
| 650 #0 - SUBJECT ADDED ENTRY--TOPICAL TERM |
| Topical term or geographic name entry element |
Personal coaching. |
| 650 #0 - SUBJECT ADDED ENTRY--TOPICAL TERM |
| Topical term or geographic name entry element |
Personal coaching |
| General subdivision |
Methodology. |
| 650 #0 - SUBJECT ADDED ENTRY--TOPICAL TERM |
| Topical term or geographic name entry element |
Mentoring. |
| 700 1# - ADDED ENTRY--PERSONAL NAME |
| Personal name |
Siokou, Christine Leanne, |
| Relator term |
author. |
| 700 1# - ADDED ENTRY--PERSONAL NAME |
| Personal name |
Slemp, Gavin R., |
| Relator term |
author. |
| 942 ## - ADDED ENTRY ELEMENTS (KOHA) |
| Source of classification or shelving scheme |
Dewey Decimal Classification |
| Suppress in OPAC |
No |
| Koha item type |
Books |
| Edition |
23 |
| Classification part |
158.3 |
| Item part |
Oa2c |
| Call number prefix |
GRD |
| Call number suffix |
2019 |